LEADER 00865nam a2200241 i 4500 001 991000077339707536 005 20020506121647.0 008 000505s1964 ne ||| | ger 035 $ab10649694-39ule_inst 035 $aEXGIL139043$9ExL 040 $aBiblioteca Interfacoltā$bita 082 0 $a873.01 100 1 $aAlbrecht, Michael :$cvon$0169399 245 10$aSilius Italicus :$bFreiheit und Gebundenheit römischer Epik /$cMichael von Albrecht 260 $aAmsterdam :$bP. Schippers,$c1964 300 $a237 p. ;$c23 cm 650 4$aSilio Italico 907 $a.b10649694$b02-04-14$c28-06-02 912 $a991000077339707536 945 $aLE002 Lat. II G 17$g1$i2002000729255$lle002$o-$pE0.00$q-$rl$s- $t0$u0$v0$w0$x0$y.i10739129$z28-06-02 996 $aSilius Italicus$9305670 997 $aUNISALENTO 998 $ale002$b01-01-00$cm$da $e-$fger$gne $h0$i1